Vietnam Heritage Cultural Heritage Association of Vietnam. Reinventing the Wheel

Gespeichert in:
Bibliographische Detailangaben
Format: Unbekannt
Veröffentlicht: 2013
Tags: Tag hinzufügen
Keine Tags, Fügen Sie den ersten Tag hinzu!
Thư viện lưu trữ: Mạng thư viện Đại học Đà Nẵng
LEADER 00723na a2200205 4500
001 000032490
003 8579
005 20151002091341.0
008 151002s2013 000
082 |a 420.30 
245 |a Vietnam Heritage Cultural Heritage Association of Vietnam. Reinventing the Wheel  |c Lê Thanh Hải 
260 |c 2013 
OWN |a LNN 
AVA |a UDN50  |b LNN  |d 420.30  |e available  |t Error 5001 Not defined in file expand_doc_bib_avail.  |f 1  |g 0  |h N  |i 0  |k 1 
999 |a From the UDN01 
AVA |a UDN50  |b LNN  |d 420.30  |e available  |t Error 5001 Not defined in file expand_doc_bib_avail.  |f 1  |g 0  |h N  |i 0  |k 1 
TYP |a Printed language 
980 |a Mạng thư viện Đại học Đà Nẵng